Libro de la vida (Registro nro. 60055)

Detalles MARC
000 -CABECERA
Longitud fija campo de control 03241nam a2200649 i 4500
003 - • IDENTIFICADOR DELl NÚMERO DE CONTROL
Identificador del número de control CO-BoRNBP
005 - • FECHA Y HORA DE LA ÚLTIMA TRANSACCIÓN
Fecha y hora de la última transacción 20251205161552.0
007 - • CAMPO FIJO DE DESCRIPCIÓN FÍSICA
Campo fijo de descripción física ta
008 - • CÓDIGOS DE INFORMACIÓN DE LONGITUD FIJA
Códigos de información de longitud fija 880819s1979 sp | ||| ||spa
017 ## - NÚMERO DE COPYRIGHT O DE DEPÓSITO LEGAL
Número de copyright o de depósito legal M 12934-1979
Agencia que asigna el número Oficina Depósito Legal Madrid
020 ## - • NÚMERO INTERNACIONAL NORMALIZADO PARA LIBROS
Número Internacional Normalizado para Libros (ISBN) 8437601819
040 ## - FUENTE DE LA CATALOGACIÓN
Centro catalogador de origen SpMaBN
Lengua de catalogación spa
Centro transcriptor SpMaBN
Normas de descripción rdc
080 ## - NÚMERO DE LA CLASIFICACIÓN DECIMAL UNIVERSAL
Número de la Clasificación Decimal Universal 929 Teresa de Jesús, Santa
100 0# - • PUNTO DE ACCESO PRINCIPAL-NOMBRE DE PERSONA
Nombre de persona Teresa de Jesús,
Títulos y otros términos asociados al nombre Santa
Fechas asociadas al nombre 1515-1582
240 10 - • TÍTULO UNIFORME
Título uniforme <a href="Libro de la vida">Libro de la vida</a>
245 10 - • TITULO PROPIAMENTE DICHO
Título Libro de la vida
Medio [Texto impreso]
Mención de responsabilidad, etc. Santa Teresa de Jesús ; edición de Dámaso Chicharro
250 ## - • MENCI&Oacute;N DE EDICI&Oacute;N
Mención de edición 1a. edición
300 ## - • DESCRIPCI&Oacute;N F&Iacute;SICA
Extensión 483 p.
Dimensiones 18 cm
336 ## - TIPO DE CONTENIDO
Fuente rdacontent
Término de tipo de contenido texto
Código de tipo de contenido txt
337 ## - TIPO DE MEDIO
Fuente rdamedia
Nombre del tipo de medio sin mediación
Código del tipo de medio n
338 ## - TIPO DE SOPORTE
Fuente rdacarrier
Nombre del tipo de soporte volumen
Código del tipo de soporte nc
504 ## - • NOTA DE BIBLIOGRAF&Iacute;A, ETC
Nota de bibliografía, etc. Bibliografía: p. 105-114
600 07 - • PUNTO DE ACCESO ADICIONAL DE MATERIA - NOMBRE DE PERSONA
Nombre de persona Teresa de Jesús,
Fechas asociadas al nombre 1515-1582
Subdivisión de materia general (R ) Biografías
650 ## - • PUNTO DE ACCESO ADICIONAL DE MATERIA - T&Eacute;RMINO DE MATERIA
Fuente del encabezamiento o término LEMB
700 1# - • PUNTO DE ACCESO ADICIONAL - NOMBRE DE PERSONA
Nombre de persona Chicharro, Dámaso
Fechas asociadas al nombre 1948-
942 ## - ENTRADA DE ELEMENTOS AGREGADOS (KOHA)
Fuente de clasificaión o esquema Dewey Decimal Classification
Koha [por defecto] tipo de item LIbro
956 ## - LOCALIZACI&Oacute;N Y ACCESO ELECTR&Oacute;NICO LOCAL (OCLC)
Nombre de la fuente 1 2
980 ## - EQUIVALENCIA O SECCI&Oacute;N-REFERENCIA-INFORME SERIES--NOMBRE &#47; T&Iacute;TULO DE PERSONA [LOCAL, CANADA]
Nombre personal M 29073-2011
-- 978-84-376-0181-6
-- SpMaBN
Numeración BNALCALA
Atributo cualificador DL/2059957
T&íacute;tulos u otras palabras asociadas a nombre CONSERVACI
980 ## - EQUIVALENCIA O SECCI&Oacute;N-REFERENCIA-INFORME SERIES--NOMBRE &#47; T&Iacute;TULO DE PERSONA [LOCAL, CANADA]
Nombre personal M 17946-1982
-- SpMaBN
Numeración BNALCALA
Atributo cualificador DL/192887
T&íacute;tulos u otras palabras asociadas a nombre CONSERVACI
980 ## - EQUIVALENCIA O SECCI&Oacute;N-REFERENCIA-INFORME SERIES--NOMBRE &#47; T&Iacute;TULO DE PERSONA [LOCAL, CANADA]
Nombre personal M 34216-2009
-- 978-84-376-0181-6
-- SpMaBN
Numeración BNALCALA
Atributo cualificador DL/1823790
T&íacute;tulos u otras palabras asociadas a nombre CONSERVACI
980 ## - EQUIVALENCIA O SECCI&Oacute;N-REFERENCIA-INFORME SERIES--NOMBRE &#47; T&Iacute;TULO DE PERSONA [LOCAL, CANADA]
Nombre personal M 29073-2011
-- 978-84-376-0181-6
-- SpMaBN
Numeración BNALCALA
Atributo cualificador AHMO/650967
T&íacute;tulos u otras palabras asociadas a nombre SG_PETANTI
980 ## - EQUIVALENCIA O SECCI&Oacute;N-REFERENCIA-INFORME SERIES--NOMBRE &#47; T&Iacute;TULO DE PERSONA [LOCAL, CANADA]
Nombre personal M 34216-2009
-- 978-84-376-0181-6
-- SpMaBN
Numeración BNALCALA
Atributo cualificador AHMO/481747
T&íacute;tulos u otras palabras asociadas a nombre SG_PETANTI
980 ## - EQUIVALENCIA O SECCI&Oacute;N-REFERENCIA-INFORME SERIES--NOMBRE &#47; T&Iacute;TULO DE PERSONA [LOCAL, CANADA]
Nombre personal M 11232-1987
-- 84-376-0181-9
-- SpMaBN
Numeración BNMADRID
Atributo cualificador 3/141978
T&íacute;tulos u otras palabras asociadas a nombre SG_RECOLET
980 ## - EQUIVALENCIA O SECCI&Oacute;N-REFERENCIA-INFORME SERIES--NOMBRE &#47; T&Iacute;TULO DE PERSONA [LOCAL, CANADA]
Nombre personal M 12934-1979
-- 84-376-0181-9
-- SpMaBN
Numeración BNMADRID
Atributo cualificador 4/153832
T&íacute;tulos u otras palabras asociadas a nombre SG_RECOLET
980 ## - EQUIVALENCIA O SECCI&Oacute;N-REFERENCIA-INFORME SERIES--NOMBRE &#47; T&Iacute;TULO DE PERSONA [LOCAL, CANADA]
Nombre personal M 17612-1981
-- 84-376-0181-9
-- SpMaBN
Numeración BNMADRID
Atributo cualificador 4/180899
T&íacute;tulos u otras palabras asociadas a nombre SG_RECOLET
980 ## - EQUIVALENCIA O SECCI&Oacute;N-REFERENCIA-INFORME SERIES--NOMBRE &#47; T&Iacute;TULO DE PERSONA [LOCAL, CANADA]
Nombre personal SpMaBN
Numeración BNMADRID
Atributo cualificador 9/36257
T&íacute;tulos u otras palabras asociadas a nombre SG_RECOLET
980 ## - EQUIVALENCIA O SECCI&Oacute;N-REFERENCIA-INFORME SERIES--NOMBRE &#47; T&Iacute;TULO DE PERSONA [LOCAL, CANADA]
Nombre personal M 5908-1990
Numeración Oficina Depósito Legal Madrid
Nombre personal 84-376-0181-9
-- SpMaBN
Numeración BNMADRID
Forma del subt&íacute;tulo SB-6
Media 82
Fechas asociadas con el nombre AHM/82478
T&íacute;tulos u otras palabras asociadas a nombre REF_SALON
980 ## - EQUIVALENCIA O SECCI&Oacute;N-REFERENCIA-INFORME SERIES--NOMBRE &#47; T&Iacute;TULO DE PERSONA [LOCAL, CANADA]
Nombre personal M 27766-1993
-- SpMaBN
Numeración BNALCALA
Atributo cualificador AHM/82583
T&íacute;tulos u otras palabras asociadas a nombre SG_PETANTI
980 ## - EQUIVALENCIA O SECCI&Oacute;N-REFERENCIA-INFORME SERIES--NOMBRE &#47; T&Iacute;TULO DE PERSONA [LOCAL, CANADA]
Nombre personal M 36229-1994
-- SpMaBN
Numeración BNALCALA
Atributo cualificador AHM/161858
T&íacute;tulos u otras palabras asociadas a nombre SG_PETANTI
980 ## - EQUIVALENCIA O SECCI&Oacute;N-REFERENCIA-INFORME SERIES--NOMBRE &#47; T&Iacute;TULO DE PERSONA [LOCAL, CANADA]
Nombre personal M 12934-1979
-- SpMaBN
Numeración BNALCALA
Atributo cualificador AHM/287320
T&íacute;tulos u otras palabras asociadas a nombre SG_PETANTI
980 ## - EQUIVALENCIA O SECCI&Oacute;N-REFERENCIA-INFORME SERIES--NOMBRE &#47; T&Iacute;TULO DE PERSONA [LOCAL, CANADA]
Nombre personal M 12934-1979
-- 84-376-0181-9
T&íacute;tulos u otras palabras asociadas a nombre Donado por
Nombre personal S. Tovar
Fechas asociadas con el nombre octubre, 2004
Nombre personal SpMaBN
Numeración BNALCALA
Atributo cualificador AHM/831984
T&íacute;tulos u otras palabras asociadas a nombre SG_PETANTI
980 ## - EQUIVALENCIA O SECCI&Oacute;N-REFERENCIA-INFORME SERIES--NOMBRE &#47; T&Iacute;TULO DE PERSONA [LOCAL, CANADA]
Nombre personal M 5752-2004
-- 84-376-0181-9
-- SpMaBN
Numeración BNALCALA
T&íacute;tulos u otras palabras asociadas a nombre SG_PETANTI
Atributo cualificador AHMO/76170
980 ## - EQUIVALENCIA O SECCI&Oacute;N-REFERENCIA-INFORME SERIES--NOMBRE &#47; T&Iacute;TULO DE PERSONA [LOCAL, CANADA]
Nombre personal M 16776-2006
-- 84-376-0181-9
-- SpMaBN
Numeración BNALCALA
T&íacute;tulos u otras palabras asociadas a nombre SG_PETANTI
Atributo cualificador AHMO/231330
980 ## - EQUIVALENCIA O SECCI&Oacute;N-REFERENCIA-INFORME SERIES--NOMBRE &#47; T&Iacute;TULO DE PERSONA [LOCAL, CANADA]
Nombre personal M 12934-1979
-- 84-376-0181-9
-- SpMaBN
Numeración BNALCALA
Atributo cualificador DL/109134
T&íacute;tulos u otras palabras asociadas a nombre CONSERVACI
980 ## - EQUIVALENCIA O SECCI&Oacute;N-REFERENCIA-INFORME SERIES--NOMBRE &#47; T&Iacute;TULO DE PERSONA [LOCAL, CANADA]
Nombre personal M 17612-1981
-- 84-376-0181-9
-- SpMaBN
Numeración BNALCALA
Atributo cualificador DL/165963
T&íacute;tulos u otras palabras asociadas a nombre CONSERVACI
980 ## - EQUIVALENCIA O SECCI&Oacute;N-REFERENCIA-INFORME SERIES--NOMBRE &#47; T&Iacute;TULO DE PERSONA [LOCAL, CANADA]
Nombre personal M 38610-1982
-- SpMaBN
Numeración BNALCALA
Atributo cualificador DL/222596
T&íacute;tulos u otras palabras asociadas a nombre CONSERVACI
980 ## - EQUIVALENCIA O SECCI&Oacute;N-REFERENCIA-INFORME SERIES--NOMBRE &#47; T&Iacute;TULO DE PERSONA [LOCAL, CANADA]
Nombre personal SpMaBN
Numeración BNALCALA
Atributo cualificador DL/255358
T&íacute;tulos u otras palabras asociadas a nombre CONSERVACI
980 ## - EQUIVALENCIA O SECCI&Oacute;N-REFERENCIA-INFORME SERIES--NOMBRE &#47; T&Iacute;TULO DE PERSONA [LOCAL, CANADA]
Nombre personal M 11232-1987
-- 84-376-0181-9
-- SpMaBN
Numeración BNALCALA
Atributo cualificador DL/343698
T&íacute;tulos u otras palabras asociadas a nombre CONSERVACI
980 ## - EQUIVALENCIA O SECCI&Oacute;N-REFERENCIA-INFORME SERIES--NOMBRE &#47; T&Iacute;TULO DE PERSONA [LOCAL, CANADA]
Nombre personal SpMaBN
Numeración BNALCALA
Atributo cualificador DL/498037
T&íacute;tulos u otras palabras asociadas a nombre CONSERVACI
980 ## - EQUIVALENCIA O SECCI&Oacute;N-REFERENCIA-INFORME SERIES--NOMBRE &#47; T&Iacute;TULO DE PERSONA [LOCAL, CANADA]
Nombre personal M 36229-1994
-- SpMaBN
Numeración BNALCALA
Atributo cualificador DL/651191
T&íacute;tulos u otras palabras asociadas a nombre CONSERVACI
980 ## - EQUIVALENCIA O SECCI&Oacute;N-REFERENCIA-INFORME SERIES--NOMBRE &#47; T&Iacute;TULO DE PERSONA [LOCAL, CANADA]
Nombre personal M 27766-1993
-- SpMaBN
Numeración BNALCALA
Atributo cualificador DL/756578
T&íacute;tulos u otras palabras asociadas a nombre CONSERVACI
980 ## - EQUIVALENCIA O SECCI&Oacute;N-REFERENCIA-INFORME SERIES--NOMBRE &#47; T&Iacute;TULO DE PERSONA [LOCAL, CANADA]
Nombre personal M 40172-1997
-- SpMaBN
Numeración BNALCALA
Atributo cualificador DL/816915
T&íacute;tulos u otras palabras asociadas a nombre CONSERVACI
980 ## - EQUIVALENCIA O SECCI&Oacute;N-REFERENCIA-INFORME SERIES--NOMBRE &#47; T&Iacute;TULO DE PERSONA [LOCAL, CANADA]
Nombre personal M 22270-2001
-- 84-376-0181-9
-- SpMaBN
Numeración BNALCALA
Atributo cualificador DL/1097668
T&íacute;tulos u otras palabras asociadas a nombre CONSERVACI
980 ## - EQUIVALENCIA O SECCI&Oacute;N-REFERENCIA-INFORME SERIES--NOMBRE &#47; T&Iacute;TULO DE PERSONA [LOCAL, CANADA]
Nombre personal M 5752-2004
-- 84-376-0181-9
-- SpMaBN
Numeración BNALCALA
Atributo cualificador DL/1311245
T&íacute;tulos u otras palabras asociadas a nombre CONSERVACI
980 ## - EQUIVALENCIA O SECCI&Oacute;N-REFERENCIA-INFORME SERIES--NOMBRE &#47; T&Iacute;TULO DE PERSONA [LOCAL, CANADA]
Nombre personal M 16776-2006
-- 84-376-0181-9
-- SpMaBN
Numeración BNALCALA
Atributo cualificador DL/1515600
T&íacute;tulos u otras palabras asociadas a nombre CONSERVACI
Existencias
Perdido Fuente de clasificaci&oacute;n o esquema Estado Físico No para pr&eacute;stamo Forma de adquisición Localizaci&oacute;n permanente Localizaci&oacute;n actual Localización en estanterías Fecha adquisici&oacute;n Pr&eacute;stamos totales C&oacute;digo de barras Fecha &uacute;ltima consulta N&uacute;mero de copia Fecha del precio de reemplazo Tipo de item de Koha
  Dewey Decimal Classification     Colección General Biblioteca Pública Lejanias Biblioteca Pública Lejanias General 12/05/2025   LEJ01478 12/05/2025 Ej.1 12/05/2025 LIbro









Instituto Departamental de Cultura del Meta - Red Departamental de Bibliotecas Públicas del Meta.